2025/26 Premier League Team Stadiums - Statistics

General Stats
  • This quiz has been taken 80 times
  • The average score is 15 of 20
Answer Stats
Picture Answer % Correct
Old Trafford
100%
Emirates Stadium
98%
Stamford Bridge
98%
Anfield
97%
Etihad Stadium
97%
Craven Cottage
85%
St James' Park
85%
Tottenham Hotspur Stadium
83%
London Stadium
80%
Molineux Stadium
77%
Villa Park
77%
Stadium of Light
74%
Amex Stadium
71%
Hill Dickinson Stadium
65%
Selhurst Park
65%
Elland Road
64%
City Ground
61%
Turf Moor
61%
Vitality Stadium
58%
Gtech Community Stadium
47%
No matching quizzes found
Score Distribution
Percent of People with Each Score
Percentile by Number Answered
Your Score History
You have not taken this quiz